Global Risk and the Dollar
Dolár je bezpečná mena a zhodnocuje sa, keď globálne riziko stúpa. Skúmame úlohu dolára pri prenose globálneho rizika do svetovej ekonomiky v rámci Bayesovho proxy štrukturálneho vektorového autoregresívneho modelu. Globálne rizikové šoky identifikujeme pomocou vysokofrekvenčných prekvapení cien akt...
Uložené v:
| Hlavný autor: | |
|---|---|
| Ďalší autori: | , |
| Médium: | Kapitola |
| Jazyk: | English |
| Predmet: | |
| Tagy: |
Žiadne tagy, Buďte prvý, kto otaguje tento záznam!
|
MARC
| LEADER | 00000naa a2200000 4500 | ||
|---|---|---|---|
| 001 | 0304922 | ||
| 005 | 20241105093550.3 | ||
| 041 | 0 | |a eng | |
| 044 | |a NL | ||
| 245 | 1 | 0 | |a Global Risk and the Dollar |c Georgios Georgiadis, Gernot J. Müller, Ben Schumann |
| 520 | |a Dolár je bezpečná mena a zhodnocuje sa, keď globálne riziko stúpa. Skúmame úlohu dolára pri prenose globálneho rizika do svetovej ekonomiky v rámci Bayesovho proxy štrukturálneho vektorového autoregresívneho modelu. Globálne rizikové šoky identifikujeme pomocou vysokofrekvenčných prekvapení cien aktív okolo naratívne vybraných udalostí. Globálne rizikové šoky zhodnocujú dolár, vyvolávajú prísnejšie globálne finančné podmienky a synchronizovaný pokles svetovej ekonomickej aktivity. | ||
| 610 | 2 | 0 | |a šoky cenové |
| 610 | 2 | 0 | |a ekonomika |
| 610 | 2 | 0 | |a dolár |
| 610 | 2 | 0 | |a riziko |
| 610 | 2 | 0 | |a hodnota |
| 610 | 2 | 0 | |a USA |
| 100 | 1 | |a Georgiadis, Georgios | |
| 700 | 1 | |a Müller, Gernot J. | |
| 700 | 1 | |a Schumann, Ben | |